<?xml version="1.0" encoding="UTF-8"?>
<record
    xmlns:xsi="http://www.w3.org/2001/XMLSchema-instance"
    xsi:schemaLocation="http://www.loc.gov/MARC21/slim http://www.loc.gov/standards/marcxml/schema/MARC21slim.xsd"
    xmlns="http://www.loc.gov/MARC21/slim">

  <leader>00833nam a22001815i 4500</leader>
  <controlfield tag="001">164242</controlfield>
  <controlfield tag="003">ES-MaACL</controlfield>
  <controlfield tag="005">20250801201903.0</controlfield>
  <controlfield tag="008">050728s1879    sz     | |||||||| ||fre d</controlfield>
  <datafield tag="040" ind1=" " ind2=" ">
    <subfield code="a">CAM </subfield>
    <subfield code="b">spa </subfield>
    <subfield code="c">CAM</subfield>
  </datafield>
  <datafield tag="100" ind1="1" ind2=" ">
    <subfield code="a">Sabio del Valle, Segundo.</subfield>
    <subfield code="9">101207</subfield>
  </datafield>
  <datafield tag="245" ind1="1" ind2="3">
    <subfield code="a">La controverse p&#xE9;lagienne </subfield>
    <subfield code="b">: &#xE9;tude historico-criitique pr&#xE9;sent&#xE9;e &#xE0; la Facult&#xE9; de th&#xE9;ologie de l'Eglise libre du canton de Vaud / </subfield>
    <subfield code="c">par Segundo Sabio del Valle, pour obtenir le dipl&#xF3;me de licenci&#xE9; de th&#xE9;ologie.</subfield>
  </datafield>
  <datafield tag="260" ind1=" " ind2=" ">
    <subfield code="a">Lausanne : </subfield>
    <subfield code="b">[s.n.], </subfield>
    <subfield code="c">1879 (</subfield>
    <subfield code="f">Imprimerie Georges Bridel)</subfield>
  </datafield>
  <datafield tag="300" ind1=" " ind2=" ">
    <subfield code="a">113 p. ; </subfield>
    <subfield code="c">22 cm.</subfield>
  </datafield>
  <datafield tag="650" ind1=" " ind2="7">
    <subfield code="a">Teolog&#xED;a</subfield>
    <subfield code="2">embne</subfield>
    <subfield code="9">17457</subfield>
  </datafield>
  <datafield tag="852" ind1=" " ind2=" ">
    <subfield code="a">ES-MaACL</subfield>
    <subfield code="j">T-545-F-3 </subfield>
    <subfield code="z">-- Enc. hol. conservando la cub. original </subfield>
    <subfield code="z">-- Dedic. ms. del autor al Ateneo de Madrid </subfield>
    <subfield code="z">-- Enc. en un vol. facticio</subfield>
  </datafield>
  <datafield tag="999" ind1=" " ind2=" ">
    <subfield code="c">164242</subfield>
    <subfield code="d">164242</subfield>
  </datafield>
  <datafield tag="952" ind1=" " ind2=" ">
    <subfield code="0">0</subfield>
    <subfield code="1">0</subfield>
    <subfield code="4">0</subfield>
    <subfield code="7">0</subfield>
    <subfield code="8">Colecci&#xF3;n_de_folletos</subfield>
    <subfield code="a">ATENEOM</subfield>
    <subfield code="b">ATENEOM</subfield>
    <subfield code="c">DEPOF</subfield>
    <subfield code="d">2008-01-17</subfield>
    <subfield code="l">0</subfield>
    <subfield code="o">T-545-F-3</subfield>
    <subfield code="p">1172144</subfield>
    <subfield code="r">2023-02-23 00:00:00</subfield>
    <subfield code="w">2023-02-23</subfield>
    <subfield code="y">FOLLETOS</subfield>
  </datafield>
</record>
